| 000 | 00362nam a2200145Ia 4500 | ||
|---|---|---|---|
| 008 | 230917s9999||||xx |||||||||||||| ||und|| | ||
| 040 |
_e159935 _aMAIN |
||
| 041 | _aEnglish | ||
| 082 | _a338.4791 S12S | ||
| 100 | _aHarish, R | ||
| 245 | 0 | _aSpace travel and tourism: New frontiers | |
| 260 |
_aHyderabad _bICFAI Books _c2007 |
||
| 300 | _a218 p. | ||
| 942 | _cBK | ||
| 999 |
_c140242 _d140242 |
||